[Event "AUT Bundesliga 2019-20"]
[Site "Linz"]
[Date "2019.10.10"]
[Round "1.6"]
[White "Amann, Harald"]
[Black "Hausner, Ivan"]
[Result "0-1"]
[WhiteElo "1940"]
[BlackElo "2382"]
[Annotator "NA"]
[PlyCount "84"]
[EventDate "2019.10.10"]
[EventType "team-tourn"]
[EventCountry "AUT"]
[SourceTitle "playchess.com"]
[Source "ChessBase"]
[SourceQuality "1"]
[TimeControl "40/5400+30:1800+30"]

1. d4 {[%emt 0:00:00]} Nf6 {[%emt 0:00:00]} 2. Nf3 {[%emt 0:00:04]} d6 {[%emt 0:00:10]} 3. g3 {[%emt 0:00:28]} g6 {[%emt 0:00:12]} 4. Bg2 {[%emt 0:00:06]} Bg7 {[%emt 0:00:06]} 5. O-O {[%emt 0:00:07]} O-O {[%emt 0:00:04]} 6. c4 {[%emt 0:00:23]} Nbd7 {[%emt 0:00:08]} 7. Nc3 {[%emt 0:00:37]} e5 {[%emt 0:00:07]} 8. d5 {[%emt 0:01:48]} a5 {[%emt 0:00:22]} 9. e4 {[%emt 0:02:20]} Nc5 {[%emt 0:00:06]} 10. Nh4 {[%emt 0:00:16]} c6 {[%emt 0:04:04]} 11. h3 {[%emt 0:25:51]} cxd5 {[%emt 0:00:11]} 12. cxd5 {[%emt 0:00:03]} b6 {[%emt 0:00:18]} 13. Re1 {[%emt 0:03:29]} Ba6 {[%emt 0:02:30]} 14. Bf1 Bxf1 {[%emt 0:00:21]} 15. Kxf1 {[%emt 0:03:52]} Qd7 {[%emt 0:04:17]} 16. g4 {[%emt 0:03:40]} b5 {[%emt 0:00:20]} 17. f3 {[%emt 0:00:01]} b4 {[%emt 0:01:00]} 18. Ne2 {[%emt 0:01:00]} Qb5 {[%emt 0:00:20]} 19. Bg5 {[%emt 0:24:30]} Nd3 {[%emt 0:02:27]} 20. Qd2 {[%emt 0:03:08]} Nxe1 {[%emt 0:00:06]} 21. Rxe1 {[%emt 0:00:08]} Rfc8 {[%emt 0:00:37]} 22. Bh6 {[%emt 0:10:53]} Ne8 {[%emt 0:00:12]} 23. Bxg7 {[%emt 0:04:52]} Nxg7 {[%emt 0:01:22]} 24. Ng2 {[%emt 0:00:16]} Qd7 {[%emt 0:03:38]} 25. Ng3 {[%emt 0:08:45]} Rc7 {[%emt 0:00:45]} 26. Ne3 {[%emt 0:00:22]} Qe7 {[%emt 0:00:18]} 27. b3 {[%emt 0:03:14]} Qg5 {[%emt 0:01:34]} 28. Qe2 {[%emt 0:00:25]} Rc3 {[%emt 0:02:37]} 29. Nc4 {[%emt 0:02:04]} Qd8 {[%emt 0:03:56]} 30. Kg2 {[%emt 0:00:42]} Rc8 {[%emt 0:02:05]} 31. Nf1 {[%emt 0:00:50]} a4 {[%emt 0:00:21]} 32. Qb2 {[%emt 0:00:55]} f5 {[%emt 0:02:09]} 33. exf5 {[%emt 0:00:48]} gxf5 {[%emt 0:00:09]} 34. Qb1 {[%emt 0:00:12]} Qf6 {[%emt 0:01:25]} 35. Nfd2 {[%emt 0:00:21]} e4 {[%emt 0:01:14]} 36. fxe4 {[%emt 0:00:23]} fxg4 {[%emt 0:00:07]} 37. e5 {[%emt 0:00:34]} Qh4 {[%emt 0:00:54]} 38. Ne4 {[%emt 0:00:39]} Qxh3+ {[%emt 0:00:32]} 39. Kg1 {[%emt 0:00:01]} axb3 {[%emt 0:09:49]} 40. Ncxd6 {[%emt 0:00:00]} Rg3+ {[%emt 0:00:00]} 41. Nxg3 {[%emt 0:06:28]} Qxg3+ {[%emt 0:00:37]} 42. Kh1 {[%emt 0:00:25]} Rc2 {[%emt 0:00:17]} 0-1

[Event "AUT Bundesliga 2019-20"]
[Site "Linz"]
[Date "2019.10.10"]
[Round "1.7"]
[White "Nisipeanu, Liviu-Dieter"]
[Black "Heberla, Bartlomiej"]
[Result "1/2-1/2"]
[WhiteElo "2656"]
[BlackElo "2544"]
[Annotator "TA"]
[PlyCount "114"]
[EventDate "2019.10.10"]
[EventType "team-tourn"]
[EventCountry "AUT"]
[SourceTitle "playchess.com"]
[Source "ChessBase"]
[SourceQuality "1"]

{[%evp 19,114,24,34,37,59,56,47,13,25,23,31,6,12,18,25,-4,-4,-10,2,0,31,18,31,33,16,18,31,26,23,24,20,18,41,45,61,61,61,58,64,45,45,45,45,45,45,45,45,45,45,17,45,45,45,45,45,45,289,69,69,69,69,69,77,77,77,77,77,69,69,69,77,77,77,8,8,8,8,8,8,8,8,8,8,8,8,8,8,0,0,0,0,0,0,0,0,0,0]} 1. e4 e5 2. Nf3 Nc6 3. Bb5 a6 4. Ba4 Nf6 5. O-O Be7 6. Re1 d6 7. c3 Bg4 8. d3 O-O 9. Nbd2 Nd7 10. h3 Bh5 11. Bc2 {C87: Closed Ruy Lopez: Steinitz-type lines after 6 Re1 d6} Kh8 12. g4 Bg6 13. b4 $146 {White is slightly better.} ({Predecessor:} 13. Nf1 Nb6 14. Ng3 d5 15. Qe2 f6 16. h4 Bf7 17. h5 dxe4 18. dxe4 Bc4 {1-0 (49) Alekseenko,K (2637)-Naiditsch,A (2734) Caleta 2019}) 13... Nb6 14. a4 {[%cal Ba2a4,Ba4a5][%mdl 32]} d5 15. a5 Nc8 16. exd5 Qxd5 17. c4 Qd8 18. b5 $1 {[%cal Rb5c6]} ({Much weaker is} 18. Nxe5 Nxe5 19. Rxe5 Qd4 $17) 18... Nb4 19. Nxe5 Bxd3 (19... axb5 {is interesting.} 20. cxb5 Nd6 21. Ndf3 Nxb5 22. Bb3 Bf6) 20. Nxd3 Nxd3 21. Bxd3 Qxd3 22. Qf3 Qxf3 23. Nxf3 Bb4 24. Bd2 Bxd2 25. Nxd2 Rd8 26. Ne4 h6 27. Red1 Nd6 28. Nxd6 cxd6 $14 {[%mdl 4096] Endgame KRR-KRR} 29. Rd5 Rac8 30. Rad1 Rxc4 31. bxa6 bxa6 32. Rxd6 Ra8 33. Rd8+ Rxd8 34. Rxd8+ {KR-KR} Kh7 35. Rd6 Rc3 36. Kg2 Ra3 37. Rxa6 g5 $2 {[#]} (37... h5 $1 $14) 38. Rf6 $2 (38. Ra8 $1 $18) 38... Rxa5 39. Rxf7+ Kg6 40. Rd7 Ra3 41. Rd6+ Kg7 42. Re6 Rb3 43. Re3 Rb4 44. Ra3 Kg6 45. Kg3 Rb1 46. h4 (46. f3 $16) 46... Rg1+ $11 {The position is equal.} 47. Kf3 gxh4 48. Ra6+ Kg7 {[#] White must now prevent ...h3.} 49. Ra5 Rb1 50. Rh5 Rb3+ 51. Kg2 Kg6 52. Rxh4 Kg5 $1 {[%cal Rg5h4]} 53. Rh3 (53. Rh5+ {with more complications.} Kxg4 54. Rxh6 Kf5 55. f3 Rb1 56. Rh4) 53... Rxh3 $1 54. Kxh3 h5 55. f4+ Kxf4 56. gxh5 {Intending h6 and mate.} Kg5 57. h6 Kxh6 {Accuracy: White = 66%, Black = 59%.} 1/2-1/2

[Event "AUT Bundesliga 2019-20"]
[Site "Linz"]
[Date "2019.10.10"]
[Round "1.7"]
[White "Lenic, Luka"]
[Black "Dragnev, Valentin"]
[Result "0-1"]
[WhiteElo "2644"]
[BlackElo "2550"]
[Annotator "ChessBase"]
[PlyCount "78"]
[EventDate "2019.10.10"]
[EventType "team-tourn"]
[EventCountry "AUT"]
[SourceTitle "playchess.com"]
[Source "ChessBase"]
[SourceQuality "1"]
[TimeControl "40/5400+30:1800+30"]

1. d4 {[%emt 0:00:00]} Nf6 {[%emt 0:00:00]} 2. c4 {[%emt 0:00:00]} e6 {[%emt 0:00:00]} 3. Nf3 {[%emt 0:00:00]} d5 {[%emt 0:00:00]} 4. Nc3 {[%emt 0:00:00]} c5 {[%emt 0:00:00]} 5. cxd5 {[%emt 0:00:00]} Nxd5 {[%emt 0:00:01]} 6. e4 {[%emt 0:00:02]} Nxc3 {[%emt 0:00:05]} 7. bxc3 {[%emt 0:00:01]} cxd4 {[%emt 0:00:07]} 8. cxd4 {[%emt 0:00:03]} Bb4+ {[%emt 0:00:07]} 9. Bd2 {[%emt 0:00:02]} Bxd2+ {[%emt 0:00:09]} 10. Qxd2 {[%emt 0:00:02]} O-O {[%emt 0:00:09]} 11. Bc4 {[%emt 0:00:04]} Nd7 {[%emt 0:00:04]} 12. O-O {[%emt 0:00:05]} b6 {[%emt 0:00:03]} 13. Rfe1 {[%emt 0:00:22]} Bb7 {[%emt 0:00:05]} 14. Rad1 {[%emt 0:00:03]} Rc8 {[%emt 0:00:06]} 15. Bb3 {[%emt 0:00:03]} Re8 {[%emt 0:00:11]} 16. h3 {[%emt 0:00:46]} Nf6 {[%emt 0:00:32]} 17. Qf4 {[%emt 0:00:26]} Nh5 {[%emt 0:00:11]} 18. Qh2 {[%emt 0:00:15]} h6 {[%emt 0:00:11]} 19. h4 {[%emt 0:01:18]} b5 {[%emt 0:01:17]} 20. Ne5 {[%emt 0:15:30]} Nf6 {[%emt 0:01:32]} 21. Qf4 {[%emt 0:03:52]} a5 {[%emt 0:11:40]} 22. Rd3 {[%emt 0:13:08]} Re7 {[%emt 0:26:24]} 23. Bd1 {[%emt 0:26:09]} Rec7 {[%emt 0:10:58]} 24. Bf3 {[%emt 0:02:26]} b4 {[%emt 0:10:43]} 25. g4 {[%emt 0:00:49]} Nh7 {[%emt 0:05:51]} 26. d5 {[%emt 0:00:11]} Qf6 {[%emt 0:06:21]} 27. Qg3 {[%emt 0:09:05]} exd5 {[%emt 0:06:12]} 28. exd5 {[%emt 0:00:08]} Rc1 {[%emt 0:01:13]} 29. Rxc1 {[%emt 0:11:10]} Rxc1+ {[%emt 0:00:08]} 30. Kg2 {[%emt 0:00:01]} Rc3 {[%emt 0:01:34]} 31. Be4 {[%emt 0:03:59]} Rxd3 {[%emt 0:04:25]} 32. Nxd3 {[%emt 0:05:27]} Qd8 {[%emt 0:00:38]} 33. Qe5 {[%emt 0:06:12]} Nf6 {[%emt 0:00:27]} 34. Nf4 {[%emt 0:00:24]} Nxg4 {[%emt 0:06:19]} 35. Ne6 {[%emt 0:02:28]} fxe6 {[%emt 0:02:56]} 36. Qxe6+ {[%emt 0:00:10]} Kh8 {[%emt 0:00:40]} 37. Qxg4 {[%emt 0:00:09]} Bxd5 {[%emt 0:00:06]} 38. Qf5 {[%emt 0:00:01]} Bg8 {[%emt 0:03:30]} 39. Bc2 {[%emt 0:00:04]} Qd5+ {[%emt 0:00:29]} 0-1

[Event "AUT Bundesliga 2019-20"]
[Site "Linz"]
[Date "2019.10.10"]
[Round "1.7"]
[White "Schneider, Ilja"]
[Black "Menezes, Christoph"]
[Result "1-0"]
[WhiteElo "2494"]
[BlackElo "2423"]
[Annotator "ChessBase"]
[PlyCount "87"]
[EventDate "2019.10.10"]
[EventType "team-tourn"]
[EventCountry "AUT"]
[SourceTitle "playchess.com"]
[Source "ChessBase"]
[SourceQuality "1"]
[TimeControl "40/5400+30:1800+30"]

1. d4 {[%emt 0:00:11]} Nf6 {[%emt 0:00:00]} 2. Nf3 {[%emt 0:00:23]} d5 {[%emt 0:00:24]} 3. c4 {[%emt 0:00:49]} e6 {[%emt 0:00:25]} 4. e3 {[%emt 0:00:20]} a6 {[%emt 0:03:13]} 5. a3 {[%emt 0:02:34]} dxc4 {[%emt 0:06:31]} 6. Bxc4 {[%emt 0:00:16]} b5 {[%emt 0:01:12]} 7. Be2 {[%emt 0:00:36]} Bb7 {[%emt 0:05:04]} 8. O-O {[%emt 0:01:06]} c5 {[%emt 0:02:56]} 9. dxc5 {[%emt 0:12:38]} Qxd1 {[%emt 0:03:45]} 10. Rxd1 {[%emt 0:00:11]} Bxc5 {[%emt 0:00:07]} 11. Nbd2 {[%emt 0:00:12]} Nbd7 {[%emt 0:09:13]} 12. Nb3 {[%emt 0:02:48]} Be7 {[%emt 0:04:05]} 13. Bd2 {[%emt 0:05:15]} O-O {[%emt 0:02:21]} 14. Na5 {[%emt 0:02:44]} Bd5 {[%emt 0:01:40]} 15. Nd4 {[%emt 0:00:26]} Rfc8 {[%emt 0:12:13]} 16. Rac1 {[%emt 0:06:25]} Bc5 {[%emt 0:02:51]} 17. Ndb3 {[%emt 0:18:30]} Bb6 {[%emt 0:12:16]} 18. Kf1 {[%emt 0:01:34]} Ne4 {[%emt 0:05:27]} 19. Bb4 {[%emt 0:01:24]} f5 {[%emt 0:01:11]} 20. Nd4 {[%emt 0:04:08]} Rxc1 {[%emt 0:12:24]} 21. Rxc1 {[%emt 0:00:05]} f4 {[%emt 0:02:32]} 22. Nac6 {[%emt 0:04:57]} fxe3 {[%emt 0:01:34]} 23. Ne7+ {[%emt 0:03:40]} Kf7 {[%emt 0:03:16]} 24. Nxd5 {[%emt 0:00:40]} Bxd4 {[%emt 0:02:34]} 25. Nxe3 {[%emt 0:02:55]} Bxb2 {[%emt 0:02:14]} 26. Rc7 {[%emt 0:00:20]} Nef6 {[%emt 0:00:19]} 27. Bf3 {[%emt 0:03:18]} Rd8 {[%emt 0:00:28]} 28. Ra7 {[%emt 0:02:50]} Bd4 {[%emt 0:00:45]} 29. Rxa6 {[%emt 0:00:08]} Ne5 {[%emt 0:01:37]} 30. Be2 {[%emt 0:00:51]} Bxe3 {[%emt 0:01:12]} 31. fxe3 {[%emt 0:00:01]} Nd5 {[%emt 0:00:48]} 32. Bc5 {[%emt 0:02:28]} Nd7 {[%emt 0:00:48]} 33. Ra7 {[%emt 0:01:06]} Kg8 {[%emt 0:00:31]} 34. Bd4 {[%emt 0:01:04]} e5 {[%emt 0:00:26]} 35. Bf3 {[%emt 0:06:29]} N5f6 {[%emt 0:00:03]} 36. Bc3 {[%emt 0:00:55]} Rc8 {[%emt 0:00:51]} 37. Ra8 {[%emt 0:00:27]} Rxa8 {[%emt 0:00:16]} 38. Bxa8 {[%emt 0:00:01]} Ng4 {[%emt 0:00:55]} 39. Bc6 {[%emt 0:00:45]} Nc5 {[%emt 0:00:31]} 40. Ke2 {[%emt 0:00:00]} Nxh2 {[%emt 0:00:00]} 41. Bxe5 {[%emt 0:02:07]} Ng4 {[%emt 0:00:49]} 42. Bd6 {[%emt 0:01:24]} Na4 {[%emt 0:01:15]} 43. Kf3 {[%emt 0:03:28]} Nf6 {[%emt 0:02:58]} 44. Bxb5 {[%emt 0:00:13]} 1-0

[Event "AUT Bundesliga 2019-20"]
[Site "Linz"]
[Date "2019.10.10"]
[Round "1.8"]
[White "Banusz, Tamas"]
[Black "Skoberne, Jure"]
[Result "1-0"]
[WhiteElo "2619"]
[BlackElo "2567"]
[Annotator "ChessBase"]
[PlyCount "79"]
[EventDate "2019.10.10"]
[EventType "team-tourn"]
[EventCountry "AUT"]
[SourceTitle "playchess.com"]
[Source "ChessBase"]
[SourceQuality "1"]
[TimeControl "40/5400+30:1800+30"]

1. d4 {[%emt 0:00:00]} Nf6 {[%emt 0:00:41]} 2. Nf3 {[%emt 0:00:00]} g6 {[%emt 0:00:22]} 3. g3 {[%emt 0:00:11]} Bg7 {[%emt 0:00:20]} 4. Bg2 {[%emt 0:00:08]} O-O {[%emt 0:00:32]} 5. c4 {[%emt 0:00:13]} d6 {[%emt 0:00:06]} 6. Nc3 {[%emt 0:00:16]} Nc6 {[%emt 0:00:45]} 7. O-O {[%emt 0:00:21]} Bg4 {[%emt 0:02:44]} 8. d5 {[%emt 0:02:17]} Na5 {[%emt 0:08:35]} 9. Nd2 {[%emt 0:00:33]} c5 {[%emt 0:00:25]} 10. h3 {[%emt 0:08:21]} Bd7 {[%emt 0:00:43]} 11. Qc2 {[%emt 0:02:48]} e6 {[%emt 0:14:28]} 12. b3 {[%emt 0:12:01]} exd5 {[%emt 0:05:40]} 13. cxd5 {[%emt 0:00:07]} b5 {[%emt 0:00:31]} 14. Bb2 {[%emt 0:01:03]} Re8 {[%emt 0:21:03]} 15. Rfe1 {[%emt 0:04:57]} Rc8 {[%emt 0:01:32]} 16. Nce4 {[%emt 0:04:16]} Bf5 {[%emt 0:03:31]} 17. Nxf6+ {[%emt 0:03:53]} Bxf6 {[%emt 0:00:08]} 18. e4 {[%emt 0:01:04]} Bd7 {[%emt 0:00:16]} 19. Rac1 {[%emt 0:03:46]} c4 {[%emt 0:12:56]} 20. Bxf6 {[%emt 0:02:40]} Qxf6 {[%emt 0:00:06]} 21. b4 {[%emt 0:00:25]} Nb7 {[%emt 0:00:06]} 22. Nb1 {[%emt 0:14:38]} a5 {[%emt 0:00:36]} 23. a3 {[%emt 0:00:06]} axb4 {[%emt 0:00:17]} 24. axb4 {[%emt 0:00:04]} Ra8 {[%emt 0:00:30]} 25. Nc3 {[%emt 0:01:14]} Ra3 {[%emt 0:03:02]} 26. Qd2 {[%emt 0:04:29]} Rb3 {[%emt 0:02:26]} 27. f4 {[%emt 0:01:34]} Rxb4 {[%emt 0:02:58]} 28. e5 {[%emt 0:02:51]} dxe5 {[%emt 0:01:20]} 29. d6 {[%emt 0:05:25]} e4 {[%emt 0:01:40]} 30. Rxe4 {[%emt 0:12:19]} Rxe4 {[%emt 0:09:53]} 31. Nxe4 {[%emt 0:00:47]} Qb2 {[%emt 0:00:04]} 32. Rc2 {[%emt 0:03:46]} Qa1+ {[%emt 0:05:20]} 33. Kh2 {[%emt 0:00:12]} Ra4 {[%emt 0:00:13]} 34. Rc3 {[%emt 0:04:41]} Ra2 {[%emt 0:00:26]} 35. Nf6+ {[%emt 0:01:20]} Kg7 {[%emt 0:01:55]} 36. Qd4 {[%emt 0:00:08]} Rxg2+ {[%emt 0:01:02]} 37. Kxg2 {[%emt 0:00:07]} Bxh3+ {[%emt 0:00:44]} 38. Kh2 {[%emt 0:02:05]} Kh6 {[%emt 0:00:30]} 39. Ng8+ {[%emt 0:01:28]} Kh5 {[%emt 0:00:05]} 40. g4+ {[%emt 0:00:00]} 1-0

[Event "AUT Bundesliga 2019-20"]
[Site "Linz"]
[Date "2019.10.10"]
[Round "1.8"]
[White "Brkic, Ante"]
[Black "Svane, Rasmus"]
[Result "1/2-1/2"]
[WhiteElo "2600"]
[BlackElo "2592"]
[Annotator "ChessBase"]
[PlyCount "129"]
[EventDate "2019.10.10"]
[EventType "team-tourn"]
[EventCountry "AUT"]
[SourceTitle "playchess.com"]
[Source "ChessBase"]
[SourceQuality "1"]
[TimeControl "40/5400+30:1800+30"]

1. e4 {[%emt 0:00:00]} e5 {[%emt 0:00:00]} 2. Nf3 {[%emt 0:00:00]} Nc6 {[%emt 0:00:00]} 3. Bb5 {[%emt 0:00:40]} Nf6 {[%emt 0:00:00]} 4. O-O {[%emt 0:05:36]} Nxe4 {[%emt 0:00:00]} 5. d4 {[%emt 0:03:55]} Nd6 {[%emt 0:00:00]} 6. Bxc6 {[%emt 0:00:08]} dxc6 {[%emt 0:00:00]} 7. dxe5 {[%emt 0:00:04]} Nf5 {[%emt 0:00:04]} 8. Qxd8+ {[%emt 0:00:04]} Kxd8 {[%emt 0:00:07]} 9. Nc3 {[%emt 0:00:04]} Be7 {[%emt 0:01:43]} 10. h3 {[%emt 0:03:33]} Nh4 {[%emt 0:00:49]} 11. Nd4 {[%emt 0:03:19]} Nf5 {[%emt 0:01:24]} 12. Nf3 {[%emt 0:03:45]} Nh4 {[%emt 0:00:04]} 13. Nd4 {[%emt 0:02:07]} Nf5 {[%emt 0:00:05]} 14. Nde2 {[%emt 0:00:09]} b6 {[%emt 0:00:05]} 15. Bf4 {[%emt 0:03:48]} g5 {[%emt 0:06:54]} 16. Rad1+ {[%emt 0:03:04]} Ke8 {[%emt 0:03:46]} 17. Bc1 {[%emt 0:00:15]} h5 {[%emt 0:20:31]} 18. Ne4 {[%emt 0:03:39]} Rg8 {[%emt 0:01:04]} 19. f3 {[%emt 0:19:01]} Ba6 {[%emt 0:30:59]} 20. Rfe1 {[%emt 0:02:25]} Rd8 {[%emt 0:14:29]} 21. Rxd8+ {[%emt 0:00:43]} Bxd8 {[%emt 0:01:51]} 22. g4 {[%emt 0:18:10]} Bxe2 {[%emt 0:00:09]} 23. Rxe2 {[%emt 0:01:43]} Nd4 {[%emt 0:00:08]} 24. Rf2 {[%emt 0:00:04]} hxg4 {[%emt 0:00:10]} 25. fxg4 {[%emt 0:09:15]} Ne6 {[%emt 0:05:28]} 26. Be3 {[%emt 0:00:12]} Kf8 {[%emt 0:01:22]} 27. Rf5 {[%emt 0:04:20]} Ng7 {[%emt 0:01:56]} 28. Rf1 {[%emt 0:00:03]} Ne6 {[%emt 0:00:09]} 29. Nf6 {[%emt 0:06:00]} Rh8 {[%emt 0:02:17]} 30. Kg2 {[%emt 0:00:12]} Kg7 {[%emt 0:01:07]} 31. Ne4 {[%emt 0:01:47]} Kg6 {[%emt 0:00:42]} 32. Rd1 {[%emt 0:02:29]} Be7 {[%emt 0:01:24]} 33. Rd7 {[%emt 0:04:23]} Bf8 {[%emt 0:02:17]} 34. Nf2 {[%emt 0:01:07]} Bg7 {[%emt 0:01:01]} 35. Nd3 {[%emt 0:00:01]} Rc8 {[%emt 0:00:08]} 36. b4 {[%emt 0:00:25]} Nf8 {[%emt 0:00:37]} 37. Rd4 {[%emt 0:01:05]} Re8 {[%emt 0:01:24]} 38. Kf3 {[%emt 0:00:01]} Bxe5 {[%emt 0:01:52]} 39. Nxe5+ {[%emt 0:01:13]} Rxe5 {[%emt 0:00:05]} 40. Rd8 {[%emt 0:00:00]} Ne6 {[%emt 0:00:00]} 41. Ra8 {[%emt 0:00:09]} f5 {[%emt 0:14:35]} 42. Rxa7 {[%emt 0:04:30]} Re4 {[%emt 0:01:16]} 43. c3 {[%emt 0:04:11]} Rc4 {[%emt 0:00:05]} 44. Bd2 {[%emt 0:00:50]} c5 {[%emt 0:04:00]} 45. b5 {[%emt 0:03:15]} Re4 {[%emt 0:03:02]} 46. a4 {[%emt 0:01:19]} Re5 {[%emt 0:00:12]} 47. a5 {[%emt 0:01:47]} bxa5 {[%emt 0:00:39]} 48. Rxa5 {[%emt 0:03:12]} f4 {[%emt 0:05:25]} 49. Ra6 {[%emt 0:04:46]} Kf7 {[%emt 0:01:41]} 50. Ra2 {[%emt 0:05:25]} c4 {[%emt 0:00:56]} 51. h4 {[%emt 0:00:33]} gxh4 {[%emt 0:01:16]} 52. Bxf4 {[%emt 0:00:03]} Rxb5 {[%emt 0:01:07]} 53. Rh2 {[%emt 0:00:19]} Rb3 {[%emt 0:01:04]} 54. Be3 {[%emt 0:02:00]} Rxc3 {[%emt 0:00:24]} 55. Rxh4 {[%emt 0:00:02]} Rb3 {[%emt 0:02:33]} 56. Ke2 {[%emt 0:01:24]} Rb2+ {[%emt 0:01:28]} 57. Kd1 {[%emt 0:00:30]} Rb3 {[%emt 0:00:06]} 58. Ke2 {[%emt 0:00:12]} c5 {[%emt 0:00:36]} 59. g5 {[%emt 0:00:26]} Rb4 {[%emt 0:01:11]} 60. Re4 {[%emt 0:02:13]} c3 {[%emt 0:01:28]} 61. Rxb4 {[%emt 0:00:58]} cxb4 {[%emt 0:00:09]} 62. Kd3 {[%emt 0:00:02]} Nc7 {[%emt 0:00:47]} 63. Bc5 {[%emt 0:00:09]} Nd5 {[%emt 0:00:07]} 64. Bxb4 {[%emt 0:00:05]} Nxb4+ {[%emt 0:00:04]} 65. Kxc3 {[%emt 0:00:04]} 1/2-1/2

[Event "AUT Bundesliga 2019-20"]
[Site "Linz"]
[Date "2019.10.10"]
[Round "1.8"]
[White "Weiss, Christian"]
[Black "Bezold, Michael"]
[Result "1/2-1/2"]
[WhiteElo "2376"]
[BlackElo "2487"]
[Annotator "ChessBase"]
[PlyCount "60"]
[EventDate "2019.10.10"]
[EventType "team-tourn"]
[EventCountry "AUT"]
[SourceTitle "playchess.com"]
[Source "ChessBase"]
[SourceQuality "1"]
[TimeControl "40/5400+30:1800+30"]

1. d4 {[%emt 0:00:00]} d6 {[%emt 0:00:48]} 2. e4 {[%emt 0:00:10]} Nf6 {[%emt 0:00:16]} 3. Nc3 {[%emt 0:00:38]} e5 {[%emt 0:01:37]} 4. Nf3 {[%emt 0:01:35]} Nbd7 {[%emt 0:00:25]} 5. Bc4 {[%emt 0:01:30]} Be7 {[%emt 0:00:22]} 6. O-O {[%emt 0:00:23]} O-O {[%emt 0:00:11]} 7. Re1 {[%emt 0:03:17]} a6 {[%emt 0:01:47]} 8. a4 {[%emt 0:01:05]} b6 {[%emt 0:00:07]} 9. b3 {[%emt 0:16:45]} Bb7 {[%emt 0:01:56]} 10. Bb2 {[%emt 0:07:45]} c6 {[%emt 0:08:12]} 11. Bf1 {[%emt 0:10:27]} Re8 {[%emt 0:03:42]} 12. d5 {[%emt 0:09:52]} cxd5 {[%emt 0:10:16]} 13. Nxd5 {[%emt 0:04:30]} Nc5 {[%emt 0:03:28]} 14. Nxf6+ {[%emt 0:07:26]} Bxf6 {[%emt 0:00:18]} 15. Nd2 {[%emt 0:00:06]} Qc7 {[%emt 0:03:11]} 16. b4 {[%emt 0:07:43]} Ne6 {[%emt 0:04:08]} 17. a5 {[%emt 0:02:24]} Rad8 {[%emt 0:12:03]} 18. c4 {[%emt 0:04:07]} Nd4 {[%emt 0:09:25]} 19. Nb3 {[%emt 0:02:34]} Nxb3 {[%emt 0:02:15]} 20. Qxb3 {[%emt 0:00:05]} bxa5 {[%emt 0:00:35]} 21. Rxa5 {[%emt 0:01:29]} Rb8 {[%emt 0:01:22]} 22. Qe3 {[%emt 0:01:08]} h6 {[%emt 0:09:27]} 23. Bc3 {[%emt 0:02:01]} Bg5 {[%emt 0:02:22]} 24. Qd3 {[%emt 0:00:55]} Bd8 {[%emt 0:01:46]} 25. Ra2 {[%emt 0:02:54]} Qe7 {[%emt 0:02:34]} 26. Rd2 {[%emt 0:00:54]} Bc7 {[%emt 0:00:56]} 27. Qe3 {[%emt 0:02:01]} Bc8 {[%emt 0:03:21]} 28. Ra1 {[%emt 0:03:04]} Bb6 {[%emt 0:01:38]} 29. Qf3 {[%emt 0:02:33]} Bb7 {[%emt 0:06:08]} 30. Bd3 {[%emt 0:01:24]} Qc7 {[%emt 0:01:45]} 1/2-1/2

[Event "AUT Bundesliga 2019-20"]
[Site "Linz"]
[Date "2019.10.10"]
[Round "1.9"]
[White "Wagner, Dennis"]
[Black "Saric, Ante"]
[Result "1-0"]
[WhiteElo "2565"]
[BlackElo "2557"]
[Annotator "ChessBase"]
[PlyCount "83"]
[EventDate "2019.10.10"]
[EventType "team-tourn"]
[EventCountry "AUT"]
[SourceTitle "playchess.com"]
[Source "ChessBase"]
[SourceQuality "1"]
[TimeControl "40/5400+30:1800+30"]

1. c4 {[%emt 0:00:00]} c5 {[%emt 0:00:00]} 2. Nf3 {[%emt 0:00:00]} g6 {[%emt 0:00:05]} 3. e4 {[%emt 0:00:42]} Nc6 {[%emt 0:00:06]} 4. d4 {[%emt 0:00:05]} cxd4 {[%emt 0:00:05]} 5. Nxd4 {[%emt 0:00:06]} Nf6 {[%emt 0:00:06]} 6. Nc3 {[%emt 0:00:11]} d6 {[%emt 0:00:05]} 7. Be2 {[%emt 0:00:22]} Nxd4 {[%emt 0:00:07]} 8. Qxd4 {[%emt 0:00:09]} Bg7 {[%emt 0:00:03]} 9. Be3 {[%emt 0:01:06]} O-O {[%emt 0:00:07]} 10. Qd2 {[%emt 0:00:11]} Be6 {[%emt 0:00:18]} 11. Rc1 {[%emt 0:02:23]} Qa5 {[%emt 0:00:38]} 12. f3 {[%emt 0:01:04]} Rfc8 {[%emt 0:00:06]} 13. b3 {[%emt 0:00:32]} a6 {[%emt 0:00:05]} 14. Na4 {[%emt 0:00:54]} Qxd2+ {[%emt 0:00:06]} 15. Kxd2 {[%emt 0:00:10]} Nd7 {[%emt 0:00:05]} 16. g4 {[%emt 0:00:53]} f5 {[%emt 0:00:06]} 17. gxf5 {[%emt 0:00:32]} gxf5 {[%emt 0:00:06]} 18. Nc3 {[%emt 0:00:26]} fxe4 {[%emt 0:06:11]} 19. fxe4 {[%emt 0:00:18]} Ne5 {[%emt 0:19:43]} 20. Rhg1 {[%emt 0:12:08]} Kh8 {[%emt 0:04:54]} 21. Nd5 {[%emt 0:00:09]} Bxd5 {[%emt 0:01:52]} 22. exd5 {[%emt 0:00:36]} Rf8 {[%emt 0:15:59]} 23. Rcf1 {[%emt 0:23:06]} b5 {[%emt 0:15:54]} 24. Rxf8+ {[%emt 0:02:33]} Rxf8 {[%emt 0:07:24]} 25. cxb5 {[%emt 0:01:28]} axb5 {[%emt 0:00:05]} 26. a4 {[%emt 0:00:36]} bxa4 {[%emt 0:03:46]} 27. bxa4 {[%emt 0:00:03]} Ra8 {[%emt 0:01:28]} 28. Rb1 {[%emt 0:03:17]} Kg8 {[%emt 0:05:21]} 29. Bb5 {[%emt 0:04:52]} Kf7 {[%emt 0:03:38]} 30. Rc1 {[%emt 0:38:15]} Ng4 {[%emt 0:01:11]} 31. Rf1+ {[%emt 0:00:25]} Bf6 {[%emt 0:00:50]} 32. Bb6 {[%emt 0:03:53]} Nxh2 {[%emt 0:01:44]} 33. Rf4 {[%emt 0:02:55]} e5 {[%emt 0:01:56]} 34. dxe6+ {[%emt 0:01:44]} Kxe6 {[%emt 0:00:02]} 35. Kd3 {[%emt 0:00:11]} Bg5 {[%emt 0:03:59]} 36. Re4+ {[%emt 0:00:30]} Kf6 {[%emt 0:01:48]} 37. a5 {[%emt 0:00:57]} Nf3 {[%emt 0:00:42]} 38. Re8 {[%emt 0:00:34]} Ne5+ {[%emt 0:00:43]} 39. Kc3 {[%emt 0:00:21]} Rxe8 {[%emt 0:05:13]} 40. Bxe8 {[%emt 0:00:00]} Ke7 {[%emt 0:00:00]} 41. a6 {[%emt 0:02:09]} Bf6 {[%emt 0:04:55]} 42. Kb3 {[%emt 0:01:38]} 1-0